000 00570nam a22001937a 4500
003 JO-AjAnu
005 20251013114301.0
008 251012b jo ||||| |||| 00| 0 ara d
020 _a978-1-5062-9526-8
040 _aANU
_cJO-AjAnu
041 _hENG
100 _aMcCann, Stephanie
_eauther
_966792
245 _a Anatomy Coloring Books : The Easiest Way to Learn Human Anatomy
_c / tephanie McCann, Eric Wise
260 _aKaplan :
_bLLC,
_c2024
300 _a342 Pages
650 _vAnatomy
700 _aWise, Eric
_eJoint Author
_966793
942 _2lcc
_cBK
_n0
999 _c34064
_d34064